| 000 | 00428nam a22001337a 4500 | ||
|---|---|---|---|
| 999 |
_c342440 _d342440 |
||
| 003 | ASAB | ||
| 005 | 20171227115900.0 | ||
| 008 | 140102t xxu||||| |||| 00| 0 eng d | ||
| 020 | _a81-7754-195-1 | ||
| 040 | _cASAB | ||
| 082 | _a572.8 | ||
| 100 |
_aM.M. Ranga _9483 |
||
| 245 | _aBioinformatics | ||
| 260 |
_aIndia _bAgrobios (India) _cc2003, Re- 2004 |
||
| 300 | _a150 P | ||
| 630 |
_aBioinformatics _95406 |
||
| 942 |
_2ddc _cBK |
||